|
|
|
|
| LEADER |
01489nam a2200373 a 4500 |
| 001 |
000581664 |
| 003 |
CZ BrMZK |
| 005 |
20241213060135.0 |
| 007 |
ta |
| 008 |
011217s2001 xr e p cze d |
| 015 |
|
|
|a cnb001034418
|
| 020 |
|
|
|a 80-246-0248-2
|q (brož.)
|
| 035 |
|
|
|a (OCoLC)50346303
|
| 040 |
|
|
|a BOA001
|c ze
|d BOA001
|
| 072 |
|
7 |
|a 070
|x Noviny. Tisk. Žurnalistika
|2 Konspekt
|9 12
|
| 072 |
|
7 |
|a 37.016
|x Učební osnovy. Vyučovací předměty. Učebnice
|2 Konspekt
|9 22
|
| 080 |
|
|
|a 070.431
|2 MRF
|
| 080 |
|
|
|a (075.8)
|2 MRF
|
| 245 |
0 |
0 |
|a Zpravodajství v médiích /
|c pod vedením Barbory Osvaldové zpracovali Alena Lábová ... [et al.]
|
| 250 |
|
|
|a Vyd. 1.
|
| 260 |
|
|
|a Praha :
|b Karolinum,
|c 2001
|
| 300 |
|
|
|a 155 s. ;
|c 21 cm
|
| 500 |
|
|
|a Vydavatel: Univerzita Karlova v Praze
|
| 500 |
|
|
|a Dotisk 2005
|
| 504 |
|
|
|a Obsahuje bibliografii
|
| 650 |
0 |
7 |
|a zpravodajství
|7 ph119522
|2 czenas
|
| 655 |
|
7 |
|a učebnice vysokých škol
|7 fd133772
|2 czenas
|
| 700 |
1 |
|
|a Lábová, Alena,
|d 1950-
|7 jk01071341
|4 aut
|
| 700 |
1 |
|
|a Osvaldová, Barbora,
|d 1950-
|7 jn20000401910
|4 aut
|
| 856 |
4 |
1 |
|u http://www.digitalniknihovna.cz/mzk/uuid/uuid:e46cb6e0-5c17-11e3-ae59-005056827e52
|y Digitalizovaný dokument
|x NDK
|
| 910 |
|
|
|a BOA001
|b 2-1096.113
|
| 990 |
|
|
|a BK
|
| 996 |
6 |
|
|b 2610150007
|c 2-1096.113
|l MZK
|r Sklad / do 1 hodiny
|n 39
|p p.v.
|w 000581664
|u 000010
|a 1
|e BOA001
|j MZK50
|s P
|
| 996 |
7 |
|
|b 2610989052
|c 2-1096.113
|l MZK
|r Sklad / do 1 hodiny
|n 0
|p dar
|w 000581664
|u 000020
|a 1
|e BOA001
|j MZK50
|s A
|